00910nam a2200205 a 450000100100000000500170001000800410002704000250006808200260009310000290011924500530014825000120020126000360021330000200024950002140026965000380048365000360052165100840055765100630064100003196620260305073951.0110707s1992 dr 000 0 spa d aDO-SdBNPbspacBNPHU a972.9302bM938c, 19921 aMoya Pons, Frank,d1944-13aEl choque del descubrimiento /cFrank Moya Pons. a2a. ed. aSanto Domingo :bTaller,c1992. a79 p. ;c14 cm. a"Conferencia inaugural pronunciada en la apertura del Congreso de Salud Mental organizado por el Movimeinto Avance Psiquiátrico ... el lunes 23 de marzo de 1992, en el Hotel Sheraton, Santo Domingo"--p. [9]. 4aTrato a los indigenasxHispaniola 4aTrato a los indigenasxAntillas 0aRepública Dominicana --xHistoria -- yDescubrimiento y conquista, 1492-1503  0aRepública Dominicana --xHistoria --yColonia, 1503-1844